000 00476nam a2200145 4500
999 _c11452
_d11452
008 181204b ||||| |||| 00| 0 eng d
022 _a2094-8042
082 _aDPer 050 T48 Apr-June 2016 v. 187, n. 12-24
100 _932835
_aMaines, Wayne
245 _aCaitlyn Jenner:
_bthe courage to be yourself/
_cWayne Maines.
260 _aHong Kong;
_bTime Asia,
_cc2016.
300 _av187 n16-17, page 28:
_billustrations;
_c27 cm.
650 0 _932836
_aAthletics.
942 _2ddc
_cPER